000
00242nam a22001097a 4500
100
_a
MOHANTY A.K.
245
_a
FLUID MECHANICS
250
_a
2ND ED.
260
_a
INDIA
_b
PRENTICE HALL PRIVATE LTD.
_c
2004
300
_a
530
_b
ILL
942
_c
BK
999
_c
251902
_d
251901